Văn kí sự trong Luận ngữ và Mạnh Tử Luận văn tốt nghiệp Đại học Sư phạm ngành Văn Khóa 18

محفوظ في:
التفاصيل البيبلوغرافية
المؤلف الرئيسي: Huỳnh Mộng Tuyền
التنسيق: كتاب
اللغة:Undetermined
منشور في: Cần Thơ Trường Đại học Cần Thơ, Khoa Sư phạm 1996
الموضوعات:
الوسوم: إضافة وسم
لا توجد وسوم, كن أول من يضع وسما على هذه التسجيلة!
Thư viện lưu trữ: Trung tâm Học liệu Trường Đại học Cần Thơ
LEADER 00681nam a2200193Ia 4500
001 CTU_15228
008 210402s9999 xx 000 0 und d
082 |a 808.3 
082 |b T527/1996 
100 |a Huỳnh Mộng Tuyền 
245 0 |a Văn kí sự trong Luận ngữ và Mạnh Tử 
245 0 |b Luận văn tốt nghiệp Đại học Sư phạm ngành Văn Khóa 18 
245 0 |c Huỳnh Mộng Tuyền 
260 |a Cần Thơ 
260 |b Trường Đại học Cần Thơ, Khoa Sư phạm 
260 |c 1996 
650 |a fiction, theory of 
904 |i chi, 961205 
980 |a Trung tâm Học liệu Trường Đại học Cần Thơ